Profitability and systematic trading (Бичлэгийн дугаар. 146157)
| 000 -УДИРДЛАГА | |
|---|---|
| Удирдлага | 01313nam a22003977a 4500 |
| 003 - ХЯНАЛТЫН ТОО ТОДОРХОЙЛОГЧ | |
| Код | MN-UlNUM |
| 005 - БИЧИЛТ ХИЙСЭН ОГНОО | |
| Тухайн бичилтийг бичсэн засварласан сүүлийн огноо | 20260109213110.0 |
| 008 - ЕРӨНХИЙ МЭДЭЭЛЭЛ | |
| Ерөнхий мэдээлэл | 200327s2008 njua b 001 0 eng |
| 020 ## - ISBN | |
| ISBN | 9780470229088 |
| 040 ## - БИЧЛЭГ ҮҮСГЭГЧ БАЙГУУЛЛАГА | |
| Бичлэг үүсгэгч номын сангийн код | МУИС-ийн номын сан |
| 084 ## - ББК АНГИЛАЛ | |
| Нэмэлт тусгалт | Бусад |
| ББК ангилал | 65.49-56 |
| Зохиогчийн гурван тэмдэгт | H 24 |
| Мэдлэгийн ялгаа | 65 - Эдийн засаг |
| 100 10 - ЗОХИОГЧ | |
| Зохиогчийн нэр | Harris, Michael |
| 245 10 - ҮНДСЭН ГАРЧИГ | |
| Номын нэр | Profitability and systematic trading |
| Оролцогчдын тухай мэдээ | Michael Harris |
| 246 18 - ЗЭРЭГЦЭЭ ГАРЧИГ | |
| Зэрэгцээ гарчиг | Profitability and systematic trading |
| Remainder of title | A quantitative approach to profitability, risk, and money management |
| 260 ## - ГАРАЛТЫН МЭДЭЭ | |
| Хэвлэгдсэн газар | Hoboken, N.J. |
| Хэвлэлийн газар | John Wiley |
| Хэвлэгдсэн он | 2008 |
| 300 ## - МАТЕРИАЛЫН ТОДОРХОЙЛОЛТ | |
| хуудасны тоо | xix, 188 p. |
| Бусад тоон мэдээлэл | ill. |
| Хэмжээ | 24 cm. + |
| Дагалдах материал | 1 CD-ROM (4 3/4 in.) |
| 490 ## - БОТЬ / ЦУВРАЛЫН ТУХАЙ МЭДЭЭ | |
| Боть / цувралын зохиогч | Undergraduate Texts in Mathematics |
| 500 ## - Тайлбар | |
| Дансны дугаар | БС 6098 |
| 546 ## - ХЭЛНИЙ ТУХАЙ МЭДЭЭ | |
| Хэл | Англи хэл дээр, |
| 653 ## - Түлхүүр үг | |
| Түлхүүр үг | stock price forecasting |
| 653 ## - Түлхүүр үг | |
| Түлхүүр үг | investment analysis |
| 653 ## - Түлхүүр үг | |
| Түлхүүр үг | speculation |
| 740 ## - НОМЫН ГАРЧИГ | |
| Гарчиг | Foundations |
| 740 ## - НОМЫН ГАРЧИГ | |
| Гарчиг | The Market |
| 740 ## - НОМЫН ГАРЧИГ | |
| Гарчиг | The Zero-Sum Game of Trading |
| 740 ## - НОМЫН ГАРЧИГ | |
| Гарчиг | Trading Methods and Time Frames |
| 740 ## - НОМЫН ГАРЧИГ | |
| Гарчиг | Profitability and Risk |
| 740 ## - НОМЫН ГАРЧИГ | |
| Гарчиг | The Profitability Rule |
| 740 ## - НОМЫН ГАРЧИГ | |
| Гарчиг | Risk and Money Management |
| 740 ## - НОМЫН ГАРЧИГ | |
| Гарчиг | Systematic Trading |
| 740 ## - НОМЫН ГАРЧИГ | |
| Гарчиг | Analysis of Trading Systems |
| 740 ## - НОМЫН ГАРЧИГ | |
| Гарчиг | Synthesis of Trading Systems |
| 942 ## - ЭЛЕМЕНТИЙН ТӨРӨЛ | |
| Зүйлийн төрөл | Ном |
